000 00268nam a2200109Ia 4500
005 20251222154427.0
008 251222s9999||||xx |||||||||||||| ||spa||
082 _a818.591/H38
100 _a"Hemingway, Ernest"
245 0 _aPor quiƩn doblan las campanas
942 _cLIB
999 _c36284
_d36284